000 00305nam a22001337a 4500
008 170529b xxu||||| |||| 00| 0 eng d
020 _a9780198504696
041 _aeng
080 _a623.92
100 _a27
101 _aIM
245 _aTHE FURTHER INVENTIONS OF DEADALUS
_cJONES,D.E
942 _2udc
_cBK
999 _c14834
_d14834